| 000 | 00399nam a22001697a 4500 | ||
|---|---|---|---|
| 005 | 20160628095428.0 | ||
| 008 | 160628b xxu||||| |||| 00| 0 eng d | ||
| 020 | _a81-7224-467-3 | ||
| 041 | _aeng | ||
| 082 | _b10552 | ||
| 100 |
_aBudworth Geoffrey _93021 |
||
| 245 | _aThe Right way to Improve your memory | ||
| 260 |
_bJaico _c2006 |
||
| 300 | _a123 | ||
| 650 |
_aManagement _9241 |
||
| 942 | _cBK | ||
| 999 |
_c4367 _d4366 |
||